| 000 | 00460cam a2200181ua 4500 | ||
|---|---|---|---|
| 020 | _c2.50 | ||
| 041 |
_aeng _h |
||
| 082 |
_a823.301 _bCLA/CA |
||
| 100 | _aClark, Elizabeth . | ||
| 245 |
_aCat that climbed the christmas tree / _cElizabeth Clark. _hTextual Documents |
||
| 250 |
_a1 / _b. |
||
| 260 |
_aLondon : _bUniverstiy of London Press Ltd , _c1959. |
||
| 300 | _a63 ; . | ||
| 365 | _a2.50 | ||
| 504 | _a | ||
| 942 | _cBK | ||
| 999 |
_c2948 _d2948 |
||